Every Song by Talking Heads - Statistics

General Stats
  • This quiz has been taken 66 times
    65 since last reset
  • The average score is 27 of 91
Answer Stats
Album Song % Correct
Remain in Light(1980) Once in a Lifetime
95%
Talking Heads: 77(1977) Psycho Killer
92%
Speaking in Tongues(1983) Burning Down the House
82%
Fear of Music(1979) Life During Wartime
76%
Remain in Light(1980) Houses in Motion
74%
Fear of Music(1979) I Zimbra
74%
Speaking in Tongues(1983) Girlfriend is Better
71%
Speaking in Tongues(1983) This Must Be the Place (Naive Melody)
71%
Remain in Light(1980) Crosseyed and Painless
68%
Fear of Music(1979) Heaven
63%
Speaking in Tongues(1983) Making Flippy Floppy
63%
Remain in Light(1980) The Great Curve
63%
Remain in Light(1980) Born Under Punches (The Heat Goes On)
61%
Fear of Music(1979) Drugs
61%
Fear of Music(1979) Cities
55%
Speaking in Tongues(1983) Swamp
55%
Talking Heads: 77(1977) Don't Worry About the Government
50%
Little Creatures(1985) And She Was
47%
Remain in Light(1980) Listening Wind
47%
Little Creatures(1985) Road to Nowhere
45%
Fear of Music(1979) Air
42%
Naked(1988) (Nothing But) Flowers
42%
Fear of Music(1979) Paper
42%
True Stories(1986) Radio Head
42%
Remain in Light(1980) Seen and Not Seen
42%
Speaking in Tongues(1983) Slippery People
42%
Fear of Music(1979) Animals
39%
Fear of Music(1979) Electric Guitar
39%
Remain in Light(1980) The Overload
39%
True Stories(1986) Wild Wild Life
39%
Fear of Music(1979) Mind
37%
Speaking in Tongues(1983) Moon Rocks
37%
Speaking in Tongues(1983) Pull Up the Roots
37%
Talking Heads: 77(1977) Uh-Oh, Love Comes to Town
37%
More Songs About Buildings and Food(1978) Found a Job
34%
Talking Heads: 77(1977) Pulled Up
34%
More Songs About Buildings and Food(1978) Thank You for Sending Me an Angel
34%
Fear of Music(1979) Memories Can't Wait
32%
More Songs About Buildings and Food(1978) The Big Country
32%
Speaking in Tongues(1983) I Get Wild / Wild Gravity
26%
Talking Heads: 77(1977) The Book I Read
26%
More Songs About Buildings and Food(1978) I'm Not in Love
24%
Stop Making Sense(1984) What a Day That Was
24%
Naked(1988) Blind
21%
Talking Heads: 77(1977) First Week/Last Week… Carefree
21%
Talking Heads: 77(1977) New Feeling
21%
Little Creatures(1985) Stay Up Late
21%
Little Creatures(1985) The Lady Don't Mind
21%
Talking Heads: 77(1977) Who Is It?
21%
More Songs About Buildings and Food(1978) Artists Only
18%
Naked(1988) Mr. Jones
18%
Popular Favorites 1976–1992: Sand in the Vaseline(1992) Sax and Violins
18%
Talking Heads: 77(Bonus)(1977) Sugar on My Tongue
18%
Little Creatures(1985) Creatures of Love
16%
True Stories(1986) Papa Legba
16%
True Stories(1986) People Like Us
16%
Little Creatures(1985) Television Man
16%
Talking Heads: 77(1977) Tentative Decisions
16%
True Stories(1986) City of Dreams
13%
True Stories(1986) Love for Sale
13%
More Songs About Buildings and Food(1978) The Girls Want to Be with the Girls
13%
The Name of This Band is Talking Heads(1982) A Clean Break (Let's Work)
11%
True Stories(1986) Dream Operator
11%
Talking Heads: 77(1977) Happy Day
11%
True Stories(1986) Hey Now
11%
Popular Favorites 1976–1992: Sand in the Vaseline(1992) Lifetime Piling Up
11%
Talking Heads: 77(1977) No Compassion
11%
Little Creatures(1985) Perfect World
11%
True Stories(1986) Puzzlin' Evidence
11%
More Songs About Buildings and Food(1978) Warning Sign
11%
More Songs About Buildings and Food(1978) With Our Love
11%
Talking Heads: 77(Bonus)(1977) Love → Building on Fire
8%
Naked(1988) Mommy Daddy You and I
8%
Popular Favorites 1976–1992: Sand in the Vaseline(1992) Popsicle
8%
More Songs About Buildings and Food(1978) Stay Hungry
8%
Naked(1988) The Democratic Circus
8%
More Songs About Buildings and Food(1978) The Good Thing
8%
Naked(1988) Totally Nude
8%
Little Creatures(1985) Walk It Down
8%
Naked(1988) Big Daddy
5%
Naked(1988) Cool Water
5%
Talking Heads: 77(Bonus)(1977) I Feel It in My Heart
5%
Talking Heads: 77(Bonus)(1977) I Wish You Wouldn't Say That
5%
Fear of Music(1979) Dancing for Money
3%
Popular Favorites 1976–1992: Sand in the Vaseline(1992) Gangster of Love
3%
Little Creatures(1985) Give Me Back My Name
3%
Popular Favorites 1976–1992: Sand in the Vaseline(1992) I Want to Live
3%
Naked(1988) Ruby Dear
3%
Naked(1988) Bill
0%
Once in a Lifetime(2003) In Asking Land
0%
Naked(1988) The Facts of Life
0%
No matching quizzes found
Score Distribution
Percent of People with Each Score
Percentile by Number Answered
Your Score History
You have not taken this quiz since the last reset